Critical theory of AI (Record no. 4753)

MARC details
000 -CABECERA
campo de control de longitud fija 02472cam a2200325 i 4500
001 - NÚMERO DE CONTROL
campo de control 10570963
003 - IDENTIFICADOR DEL NÚMERO DE CONTROL
campo de control CaAEU
005 - FECHA Y HORA DE LA ÚLTIMA TRANSACCIÓN
campo de control 20250617073553.0
008 - DATOS DE LONGITUD FIJA--INFORMACIÓN GENERAL
campo de control de longitud fija 230316t20242024enka b 001 0 eng d
010 ## - NÚMERO DE CONTROL DE LA BIBLIOTECA DEL CONGRESO
Número de control de LC 2023934719
020 ## - NÚMERO INTERNACIONAL ESTÁNDAR DEL LIBRO
Número Internacional Estándar del Libro 9781509555772
Información calificativa (paperback)
020 ## - NÚMERO INTERNACIONAL ESTÁNDAR DEL LIBRO
Número Internacional Estándar del Libro 9781509555765
Información calificativa (hardback)
035 ## - NÚMERO DE CONTROL DEL SISTEMA
Número de control de sistema on1378710524
040 ## - FUENTE DE LA CATALOGACIÓN
Centro catalogador/agencia de origen YDX
Lengua de catalogación eng
Normas de descripción rda
Centro/agencia transcriptor DLC
Centro/agencia modificador YDX
-- UKMGB
-- OCLCF
-- F3N
-- MNG
-- OCLCO
-- LMR
-- OG#
-- COD
-- OCLCO
-- MCO
041 ## - CÓDIGO DE LENGUA
Código de lengua del texto/banda sonora o título independiente English
042 ## - CÓDIGO DE AUTENTICACIÓN
Código de autenticación lccopycat
050 00 - SIGNATURA TOPOGRÁFICA DE LA BIBLIOTECA DEL CONGRESO
Número de clasificación Q334.7
Número de documento/Ítem .L56 2024
090 ## - LOCALMENTE ASIGNADO TIPO-LC NÚMERO DE CLASIFICACIÓN (OCLC); NÚMERO DE CLASIFICACIÓN LOCAL (RLIN)
Número de clasificación (OCLC) (R) ; Numero de clasificación, CALL (RLIN) (NR) Q 334.7 L56 2024
Número cutter local (OCLC) ; Número de libro/Signatura topográfica íntegra, CALL (RLIN) AEKC
100 ## - ENTRADA PRINCIPAL--NOMBRE DE PERSONA
Nombre de persona Lindgren, Simon,
Término indicativo de función/relación author.
9 (RLIN) 25482
245 10 - MENCIÓN DE TÍTULO
Título Critical theory of AI
Mención de responsabilidad, etc. / Simon Lindgren.
246 13 - FORMA VARIANTE DE TÍTULO
Título propio/Titulo breve Critical theory of artificial intelligence
264 #1 - PRODUCCIÓN, PUBLICACIÓN, DISTRIBUCIÓN, FABRICACIÓN Y COPYRIGHT
Producción, publicación, distribución, fabricación y copyright Cambridge, UK ;
-- Hoboken, NJ :
Nombre del de productor, editor, distribuidor, fabricante Polity Press,
Fecha de producción, publicación, distribución, fabricación o copyright 2024.
264 #4 - PRODUCCIÓN, PUBLICACIÓN, DISTRIBUCIÓN, FABRICACIÓN Y COPYRIGHT
Fecha de producción, publicación, distribución, fabricación o copyright ©2024
300 ## - DESCRIPCIÓN FÍSICA
Extensión 209 pages :
Otras características físicas illustrations ;
Dimensiones 22 cm
504 ## - NOTA DE BIBLIOGRAFÍA, ETC.
Nota de bibliografía, etc. Includes bibliographical references (pages 171-201) and index.
505 0# - NOTA DE CONTENIDO CON FORMATO
Nota de contenido con formato AI and critical theory — AI assemblage — Ideology behind AI — Ideology within AI — Social machines — AI at work — AI subjects — AI in the loop.
520 ## - SUMARIO, ETC.
Sumario, etc. We live in an age of artificial intelligence. Machines think and act in ever more complex ways, making suggestions and decisions on our behalf. While AI might be seen as practical and profitable, issues of data surveillance, algorithmic control, and sexist and racist bias persist. In this rapidly changing landscape, social analysis of AI risks getting scaled down to issues of 'ethics', 'responsibility', and 'fairness'. While these are important issues, they must be addressed not from an 'AI first' perspective, but more thoroughly in terms of power and contention. Approaching artificial intelligence from the often overlooked perspective of critical social theory, this book provides a much-needed intervention on how both old and new theories conceptualize the social consequences of AI. Questions are posed about the ideologies driving AI, the mythologies surrounding AI, and the complex relationship between AI and power. Simon Lindgren provides a way of defining AI as an object of social and political critique, and guides the reader through a set of contentious areas where AI and politics intersect. In relation to these topics, critical theories are drawn upon, both as an argument for and an illustration of how AI can be critiqued. --
Fuente proveedora Provided by publisher.
650 #0 - PUNTO DE ACCESO ADICIONAL DE MATERIA--TÉRMINO DE MATERIA
Término de materia o nombre geográfico como elemento de entrada Artificial Intelligence
Subdivisión general Philosophy.
9 (RLIN) 13980
942 ## - ELEMENTOS DE ENTRADA AGREGADA (KOHA)
Fuente del sistema de clasificación o colocación Clasificación de Library of Congress
Holdings
Estado de retiro Estado de pérdida Fuente del sistema de clasificación o colocación Estado dañado No para préstamo Biblioteca de origen Biblioteca actual Fecha de adquisición Total de préstamos Signatura topográfica completa Código de barras Fecha visto por última vez Número de copia Precio válido a partir de Tipo de ítem Koha
    Clasificación de Library of Congress     TBS Barcelona TBS Barcelona 17/06/2025   Q334.7 LIN B07559 17/06/2025 1 17/06/2025 Book

Powered by Koha